000 00584nam a2200193Ia 4500
008 090123s9999 xx 000 0 und d
082 _b3086
100 _aदळवी जे.पी.
245 _aएका पराभवाची कहाणी
250 _a1
260 _c1972
300 _a304
600 _aदळवी जे.पी.
630 _aएका पराभवाची कहाणी
700 _aदळवी जे.पी.
700 _aभावे अनंत
730 _aएका पराभवाची कहाणी
942 _cBOOK
999 _c41166
_d41166